Nicaragua: un balance provisorio de los últimos hechos
Guardado en:
| Format: | Texto |
|---|---|
| Fag: | |
| Tags: |
Tilføj Tag
Ingen Tags, Vær først til at tagge denne postø!
|
MARC
| LEADER | 00000 a a2200000 04500 | ||
|---|---|---|---|
| 001 | 17852 | ||
| 003 | |||
| 040 | |||
| 245 | |a Nicaragua: |b un balance provisorio de los últimos hechos | ||
| 650 | |a ACTIVIDAD MILITAR | ||
| 650 | |a POLITICA | ||
| 650 | |a PATIDOS POLITICOS | ||
| 650 | |a NICARAGUA | ||
| 773 | |g volumen 3, número 24, (1979) páginas 185 | ||
| 999 | |c 26411 |d 26411 | ||
| 773 | 0 | |0 42391 |9 3995 |a Agencia Latinoamericana de Información, ALAI |d Quito, Ecuador: ALAI |o 03879 |t ALAI: |x 08275564 (Servicio mensual de información y documentación) | |
